KAFADAN KONTAKLAR ADRESE TESLİM (Record no. 985502)

MARC details
000 -LEADER
sabit uzunluktaki kontrol alanı 00258nam a2200097Ia 4500
001 - KONTROL NUMARASI
kontrol alanı 985502
005 - EN SON İŞLEMİN TARİH VE ZAMANI
kontrol alanı 20250826221044.0
008 - SABİT-UZUNLUKTA VERİ ÖĞELERİ--GENEL BİLGİ
sabit uzunluktaki kontrol alanı 250824s9999 xx 000 0 und d
245 #0 - ESER / YAZAR
ESER ADI KAFADAN KONTAKLAR ADRESE TESLİM
Yazar Adı PHİLİP ARDAGH
260 ## - YAYIN, DAĞITIM, VB.
YAYIN EVİ PARODİ YAYINLARI
Holdings
Düşüm durumu Kayıp durumu Hasar Durumu Ödünç verilmez Ana kütüphane Geçerli Kütüphane Edinilen tarih Toplam ödünç verme sayısı Barkod Son görüntüleme tarihi Son ödünç verme tarihi Fiyatın geçerli olmaya başladığı tarih Koha materyal türü
        ŞEHİT ERKAN KURŞUN İLKOKULU ŞEHİT ERKAN KURŞUN İLKOKULU 24.08.2025 1 10423508 15.12.2025 09.12.2025 26.08.2025 Books